| 000 | 00725cam a22002413a 4500 | ||
|---|---|---|---|
| 001 | 6077 | ||
| 003 | PGUSA | ||
| 005 | 20140828083128.0 | ||
| 008 | 040701s2004||||xxu|||||s|||||000 | eng d | ||
| 040 |
_aPGUSA _beng |
||
| 042 | _adc | ||
| 050 | 4 | _aF850.5 | |
| 100 | 1 |
_aMcGlashan, C. F. _q(Charles Fayette), _d1847-1931 |
|
| 245 | 1 | 0 |
_aHistory of the Donner Party : _bA Tragedy of the Sierra _h[electronic resource] / _cC. F. McGlashan |
| 260 |
_bProject Gutenberg, _c2004 |
||
| 506 | _aPublic domain in the USA. | ||
| 516 | _aElectronic text | ||
| 653 | _aOverland journeys to the Pacific | ||
| 653 | _aDonner Party | ||
| 830 | 0 |
_aProject Gutenberg _v6077 |
|
| 856 | 4 | 0 | _uhttp://www.gutenberg.org/ebooks/6077 |
| 942 | _cEB | ||
| 999 |
_c235405 _d235405 |
||